• AIU
  • Tony Wilmot Memorial Library

Biblia : (Record no. 39725)

MARC details
000 -LEADER
fixed length control field 00763nam a22002051a 4500
003 - CONTROL NUMBER IDENTIFIER
control field OSt
005 - DATE AND TIME OF LATEST TRANSACTION
control field 20231208154843.0
008 - FIXED-LENGTH DATA ELEMENTS--GENERAL INFORMATION
fixed length control field 091005s1970 001 0 eng d
020 ## - INTERNATIONAL STANDARD BOOK NUMBER
International Standard Book Number 9966843302 :
Terms of availability 0.00
040 ## - CATALOGING SOURCE
Original cataloging agency NEGST Library - Kenya
Transcribing agency NEGST Library - Kenya
Modifying agency NEGST Library - Kenya
050 #4 - LIBRARY OF CONGRESS CALL NUMBER
Classification number BS 325
Item number L56 1970
130 ## - MAIN ENTRY--UNIFORM TITLE
Uniform title Bible. Lingala. 1970.
9 (RLIN) 55784
245 00 - TITLE STATEMENT
Title Biblia :
Remainder of title yango Kondimana na Kala, Kondimana na Sika.
260 ## - PUBLICATION, DISTRIBUTION, ETC. (IMPRINT)
Place of publication, distribution, etc Kinshasa :
Name of publisher, distributor, etc La Societe Biblique Du Zaire,
Date of publication, distribution, etc c1970.
300 ## - PHYSICAL DESCRIPTION
Extent 1156 p., [4] p. of plates :
Other physical details maps ;
Dimensions 21 cm.
500 ## - GENERAL NOTE
General note "La Bible en lingala (haut fleuve)"--T.p. verso.<br/>[Africana]<br/>
650 ## - SUBJECT ADDED ENTRY--TOPICAL TERM
Topical term or geographic name as entry element Lingala language
General subdivision Texts.
9 (RLIN) 55773
942 ## - ADDED ENTRY ELEMENTS (KOHA)
Source of classification or shelving scheme Library of Congress Classification
Koha item type Africana collection (General)
Holdings
Withdrawn status Lost status Source of classification or shelving scheme Damaged status Not for loan Collection code Home library Current library Shelving location Date acquired Source of acquisition Cost, normal purchase price Full call number Barcode Date last seen Copy number Price effective from Koha item type
    Library of Congress Classification     Reference AIU/NEGST - Tony Wilmot Memorial Library AIU/NEGST - Tony Wilmot Memorial Library Reference 10/05/2009 Donation 12.00 REF BS 325.L56 1970 R17538L3232 09/26/2019 1 10/05/2009 Africana collection ( Reference)